| 000 | 01234cab a2200241 4500 | ||
|---|---|---|---|
| 001 | X91587 | ||
| 008 | 090401t1998 xxu||||| |||| 00| 0 eng d | ||
| 035 | _a(Sirsi) u86075 | ||
| 041 | _aeng | ||
| 245 | _aSouth Staffordshire DC v Stanton | ||
| 260 | _c1998 | ||
| 350 | _a0 | ||
| 490 |
_aPlanning Appeal Decisions _v(1998) 13 PAD 228-233(6) |
||
| 520 | _aDemolition of existing B8 buildings - change of use and extension of building to care/nursing home for elderly - additional 400-500 sq.m - structure and local plans - green belt - whether very special circumstances to overcome normal strong presumption against inappropriate development in green belt - particularly sensitive sit on boundary of green belt - landscape Improvement Area - more traffic disturbance from lawful planning use of existing buildings - highway safety - concentration of existing scattered buildings, and improvements, are very special cicumstances - conditions. HEADNOTE. | ||
| 650 | _aELDERLY | ||
| 650 | _aGREEN BELT | ||
| 650 | _aNURSING HOME | ||
| 650 | _aPLANNING POLICY GUIDANCE NOTE 2 (GREEN BELTS) | ||
| 650 | _aSOUTH STAFFORDSHIRE DC V STANTON | ||
| 690 | _aPLANNING LAW AND PRACTICE-CASE LAW | ||
| 942 | _n0 | ||
| 948 | _c07/05/1998 | ||
| 999 |
_c54147 _d54147 |
||